Informacja o dostepie do kredytów zagranicznych.
Úver a záruky medzinárodných organizácií a vládnych inštitúcií dostupných pre záujemcov v r. 1991. Úvery Svetovej banky. Všeobecné podmienky. Úverové podmienky. Úvery Európskej investičnej banky. Úvery IFC. Bankové a štátne úvery v jednotlivých štátoch.
Guardado en:
| Formato: | Capítulo de libro |
|---|---|
| Lenguaje: | polaco |
| Materias: | |
| Etiquetas: |
Sin Etiquetas, Sea el primero en etiquetar este registro!
|
MARC
| LEADER | 00000naa a2200000 4500 | ||
|---|---|---|---|
| 001 | r004671 | ||
| 005 | 20221125123124.5 | ||
| 041 | 0 | |a pol | |
| 044 | |a PL | ||
| 245 | 1 | 0 | |a Informacja o dostepie do kredytów zagranicznych. |
| 520 | |a Úver a záruky medzinárodných organizácií a vládnych inštitúcií dostupných pre záujemcov v r. 1991. Úvery Svetovej banky. Všeobecné podmienky. Úverové podmienky. Úvery Európskej investičnej banky. Úvery IFC. Bankové a štátne úvery v jednotlivých štátoch. | ||
| 610 | 2 | 0 | |a úver zahraničný |
| 610 | 2 | 0 | |a IBRD |
| 610 | 2 | 0 | |a IFC |
| 610 | 2 | 0 | |a Európska investičná banka |
| 610 | 2 | 0 | |a údaje štatistické |
| 610 | 2 | 0 | |a úver bankový |
| 610 | 2 | 0 | |a úver štátny |